LIBRARY & INFORMATION CENTRE, KCAET, TAVANUR

ONLINE PUBLIC ACCESS CATALOGUE (OPAC)

Objective question bank in agricultural process engineering (food engineering) (Record no. 14787)

MARC details
000 -LEADER
fixed length control field 00413nam a22001457a 4500
020 ## - INTERNATIONAL STANDARD BOOK NUMBER
ISBN 9788183602297
082 ## - DEWEY DECIMAL CLASSIFICATION NUMBER
Classification number 664
Item number PAN/OB
100 ## - MAIN ENTRY--AUTHOR NAME
Personal name Pandiselvam,R
245 ## - TITLE STATEMENT
Title Objective question bank in agricultural process engineering (food engineering)
260 ## - PUBLICATION, DISTRIBUTION, ETC. (IMPRINT)
Place of publication New Delhi
Name of publisher Jain Brothers
Year of publication 2016
300 ## - PHYSICAL DESCRIPTION
Number of Pages 151p
700 ## - ADDED ENTRY--PERSONAL NAME
Personal name Kothakota, Anjineyulu
700 ## - ADDED ENTRY--PERSONAL NAME
Personal name Krishnakumar, p
942 ## - ADDED ENTRY ELEMENTS (KOHA)
Koha item type Books
Holdings
Withdrawn status Lost status Damaged status Home library Current library Shelving location Date acquired Cost, normal purchase price Full call number Accession Number Koha item type
      KAUAET KAUAET Scheme 24/03/2017 175.00 664 PAN/OB BB 426 Book Bank scheme for SC students
      KAUAET KAUAET Scheme 24/03/2017 175.00 664 PAN/OB BB 425 Book Bank scheme for SC students
free website counter